[Event "16.Open Seefeld"]
[Site "Oesterreich / Seefeld"]
[Date "2005.09.21"]
[Round "5"]
[White "Riedl, Johannes"]
[Black "Wawrinsky, Ludwig"]
[Result "1-0"]
[WhiteElo "2118"]
[BlackElo "1916"]
[PlyCount "77"]
[EventDate "2005.09.17"]

1. e4 e6 2. d4 b6 3. Nf3 Bb7 4. Bd3 Nf6 5. Nbd2 d5 6. e5 Nfd7 7. O-O c5 8. c3
Ba6 9. Qe2 Bxd3 10. Qxd3 Be7 11. Re1 Nc6 12. Nf1 Rc8 13. a3 Na5 14. Bf4 Nb3 15.
Rab1 c4 16. Qe3 h6 17. h3 b5 18. g4 Nf8 19. Bh2 Bg5 20. Nxg5 hxg5 21. Kg2 Ng6
22. Bg3 a5 23. Nh2 b4 24. axb4 axb4 25. Nf3 bxc3 26. bxc3 Nh4+ 27. Bxh4 gxh4
28. Ng5 Ra8 29. Re2 Ra7 30. f4 Qa8 31. f5 exf5 32. gxf5 Ra2 33. Rbe1 Rxe2+ 34.
Rxe2 Qa1 35. f6 Qc1 36. e6 Qxe3 37. exf7+ Kf8 38. Rxe3 gxf6 39. Re8+ 1-0

[Event "16.Open Seefeld"]
[Site "Oesterreich / Seefeld"]
[Date "2005.09.21"]
[Round "5"]
[White "Oettinger, Hagen"]
[Black "Ranker, Klemens"]
[Result "0-1"]
[WhiteElo "2100"]
[BlackElo "1955"]
[PlyCount "80"]
[EventDate "2005.09.17"]

1. d4 Nf6 2. Nf3 g6 3. g3 Bg7 4. Bg2 O-O 5. O-O d5 6. c4 dxc4 7. Na3 c6 8. Nxc4
Be6 9. Nce5 Bd5 10. Re1 Qb6 11. b3 Nbd7 12. Nc4 Qd8 13. Ba3 Re8 14. Bb2 Nb6 15.
Rc1 Rc8 16. Bh3 e6 17. Nfe5 Bh6 18. e3 Bxc4 19. bxc4 Nbd7 20. Nxd7 Nxd7 21. d5
cxd5 22. Qd4 e5 23. Qxd5 Nf6 24. Qf3 Rc6 25. Red1 Qe7 26. c5 Rd8 27. Rxd8+ Qxd8
28. Bxe5 Bg7 29. Rd1 Qa5 30. Rd6 Rxd6 31. Bxd6 Qe1+ 32. Kg2 Qb1 33. Bc8 Ne4 34.
Qe2 Nc3 35. Qd2 Ne4 36. Qa5 h5 37. Be7 Qc2 38. Qe1 Bc3 39. Qf1 Nd2 40. Qe2 Qe4+
0-1

[Event "16.Open Seefeld"]
[Site "Oesterreich / Seefeld"]
[Date "2005.09.21"]
[Round "5"]
[White "Strasser, Josef (D)"]
[Black "Schmidt, Wolfgang"]
[Result "1-0"]
[WhiteElo "1940"]
[BlackElo "2091"]
[PlyCount "65"]
[EventDate "2005.09.17"]

1. e4 g6 2. d4 Bg7 3. Nc3 d6 4. g3 Nf6 5. h3 O-O 6. Bg2 Nc6 7. Nge2 e5 8. d5
Nd4 9. Be3 Nxe2 10. Qxe2 c6 11. dxc6 bxc6 12. Qd2 Qe7 13. O-O Rb8 14. b3 Be6
15. Rad1 Rfd8 16. Bg5 Qf8 17. f4 exf4 18. Rxf4 Nh5 19. Bxd8 Rxd8 20. Rf3 Be5
21. Ne2 Nf6 22. Qe3 c5 23. c3 Qg7 24. Nf4 d5 25. exd5 Bxf4 26. Qxf4 Rxd5 27.
Rxd5 Nxd5 28. Qb8+ Qf8 29. Qxa7 Qd6 30. Rd3 Qe5 31. Qa8+ Kg7 32. Rxd5 Qxg3 33.
Rd1 1-0

[Event "16.Open Seefeld"]
[Site "Oesterreich / Seefeld"]
[Date "2005.09.21"]
[Round "5"]
[White "Allgaier, Erik"]
[Black "Matt, Stefan"]
[Result "1/2-1/2"]
[WhiteElo "2078"]
[BlackElo "1816"]
[PlyCount "119"]
[EventDate "2005.09.17"]

1. d4 f5 2. Nf3 Nf6 3. g3 g6 4. Bg2 Bg7 5. c4 O-O 6. Nc3 d6 7. O-O Nc6 8. d5
Ne5 9. Nxe5 dxe5 10. e4 f4 11. gxf4 exf4 12. Bxf4 Nxe4 13. Be3 Nxc3 14. bxc3
Bxc3 15. Rb1 Bg7 16. c5 Rb8 17. Qa4 Bf5 18. Rbd1 Qc8 19. c6 b6 20. Qh4 Bg4 21.
Rc1 Bf3 22. Bh3 Qd8 23. Be6+ Kh8 24. Bd4 Qd6 25. Bxg7+ Kxg7 26. Qd4+ Rf6 27.
Rc3 Bh5 28. Re1 Rbf8 29. h3 h6 30. Rce3 Kh7 31. Bg4 R8f7 32. Re6 Rxe6 33. Rxe6
Qc5 34. Qxc5 bxc5 35. Re4 Bxg4 36. hxg4 Kg7 37. Kf1 Kf8 38. Ra4 e6 39. dxe6 Re7
40. Rxa7 Kg7 41. Ra5 Rxe6 42. Rxc5 Kf6 43. f3 Re3 44. Kf2 Ra3 45. Rc2 Ke6 46.
Kg3 Kd5 47. Rh2 h5 48. gxh5 gxh5 49. Rxh5+ Kxc6 50. Rh2 Kd6 51. Kg4 Ke6 52. f4
Kf6 53. Rc2 c5 54. Rxc5 Rxa2 55. Rc6+ Kf7 56. Kg5 Ra5+ 57. f5 Ra1 58. Rc7+ Kg8
59. Kg6 Rg1+ 60. Kf6 {Rest der Notationen unbrauchbar !} 1/2-1/2

[Event "16.Open Seefeld"]
[Site "Oesterreich / Seefeld"]
[Date "2005.09.21"]
[Round "5"]
[White "Hoffmann, Bernhard"]
[Black "Becking, Franz-Josef"]
[Result "1-0"]
[WhiteElo "1950"]
[BlackElo "2076"]
[PlyCount "67"]
[EventDate "2005.09.17"]

1. e4 e6 2. d4 d5 3. e5 c5 4. c3 Nc6 5. Be3 cxd4 6. cxd4 Nge7 7. Nf3 Nf5 8. Bd3
Nxe3 9. fxe3 Nb4 10. Be2 Qc7 11. Nc3 Be7 12. O-O O-O 13. Rc1 Nc6 14. Bd3 f6 15.
exf6 Bxf6 16. Bb1 Qe7 17. Qd3 g6 18. e4 Nb4 19. Qd2 Bd7 20. e5 Bg7 21. a3 Nc6
22. b4 Rac8 23. h4 Nd8 24. h5 gxh5 25. Qd3 Bh6 26. Rc2 Be8 27. Nxd5 exd5 28.
Rxc8 Nc6 29. Nh4 Rxf1+ 30. Kxf1 Kf8 31. Qf5+ Qf7 32. Qxf7+ Kxf7 33. Nf5 Bf8 34.
e6+ 1-0

[Event "16.Open Seefeld"]
[Site "Oesterreich / Seefeld"]
[Date "2005.09.21"]
[Round "5"]
[White "Strasser, Josef (A)"]
[Black "Willin, Bernhard"]
[Result "1/2-1/2"]
[WhiteElo "1917"]
[BlackElo "2042"]
[PlyCount "93"]
[EventDate "2005.09.17"]

1. d4 Nf6 2. c4 g6 3. Nc3 Bg7 4. Nf3 O-O 5. e4 d6 6. Be2 c6 7. O-O Nbd7 8. Be3
Re8 9. Qc1 e5 10. dxe5 dxe5 11. Rd1 Qe7 12. Nd2 h6 13. f3 Kh7 14. Rb1 b6 15. b4
Nf8 16. b5 cxb5 17. Rxb5 Ba6 18. Rb2 Ne6 19. Nb3 Rac8 20. c5 Bxe2 21. Rxe2 bxc5
22. Nd5 Nxd5 23. Rxd5 Nd4 24. Rb2 Bf8 25. Kf1 Red8 26. Rxd8 Qxd8 27. Qc4 Kg7
28. Qa6 Qd7 29. Na5 Nc2 30. Qe2 Nxe3+ 31. Qxe3 c4 32. Qc3 Qd1+ 33. Qe1 c3 34.
Rb1 Qxe1+ 35. Rxe1 Ba3 36. Nb3 Kf6 37. Ke2 Ke6 38. Kd3 a5 39. Kc2 Bb4 40. a3
Bxa3 41. Nxa5 Bb4 42. Nb3 Ra8 43. Ra1 Rxa1 44. Nxa1 Kd6 45. Kb3 Ba5 46. Kc4 Kc6
47. Nb3 1/2-1/2

[Event "16.Open Seefeld"]
[Site "Oesterreich / Seefeld"]
[Date "2005.09.21"]
[Round "5"]
[White "Schwammberger, Eugen"]
[Black "Kreusch, Frank"]
[Result "1/2-1/2"]
[WhiteElo "1950"]
[BlackElo "2037"]
[PlyCount "53"]
[EventDate "2005.09.17"]

1. Nf3 Nf6 2. g3 g6 3. b3 Bg7 4. Bb2 O-O 5. c4 d6 6. Bg2 Nc6 7. O-O e5 8. d3
Re8 9. Nc3 e4 10. Nxe4 Nxe4 11. Bxg7 Nxf2 12. Rxf2 Kxg7 13. Qd2 h6 14. Raf1 Rf8
15. e4 Bg4 16. d4 Qd7 17. Qc3 Kg8 18. b4 Rae8 19. b5 Nd8 20. Nh4 Bh3 21. Bxh3
Qxh3 22. d5 Qd7 23. Rf6 b6 24. Qe3 Kg7 25. Qf2 Qe7 26. Qd4 Kg8 27. Qe3 1/2-1/2

[Event "16.Open Seefeld"]
[Site "Oesterreich / Seefeld"]
[Date "2005.09.21"]
[Round "5"]
[White "Plock, Christian"]
[Black "Maurer, Rainer"]
[Result "0-1"]
[WhiteElo "1650"]
[BlackElo "2035"]
[PlyCount "92"]
[EventDate "2005.09.17"]

1. e4 d5 2. exd5 Qxd5 3. Nc3 Qa5 4. Nf3 Nf6 5. Bc4 Bf5 6. O-O c6 7. d3 e6 8.
Bf4 Be7 9. h3 Nbd7 10. Re1 h6 11. Qd2 Bb4 12. a3 Bxc3 13. bxc3 Nd5 14. Bxd5
cxd5 15. Nd4 Bg6 16. Reb1 e5 17. Nb3 Qc7 18. Bg3 O-O 19. Nd4 a6 20. Ne2 Qc6 21.
Rb4 b5 22. a4 bxa4 23. Rbxa4 Nc5 24. Ra5 Rfe8 25. f3 Nb7 26. R5a4 Nc5 27. Ra5
e4 28. Bf2 Nb7 29. Nd4 Qf6 30. R5a3 Bh5 31. g4 Bg6 32. f4 exd3 33. f5 Bh7 34.
cxd3 a5 35. Nf3 Bxf5 36. gxf5 Qxf5 37. Nd4 Qxh3 38. Re1 Rxe1+ 39. Bxe1 Re8 40.
Qf2 Qg4+ 41. Kf1 Qh3+ 42. Kg1 Re5 43. Ne2 Qxd3 44. Nf4 Qf5 45. Ng2 Qe6 46. Nf4
Rxe1+ 0-1

[Event "16.Open Seefeld"]
[Site "Oesterreich / Seefeld"]
[Date "2005.09.21"]
[Round "5"]
[White "Kesik, Marco"]
[Black "Aigner, Georg"]
[Result "0-1"]
[WhiteElo "1609"]
[BlackElo "2033"]
[PlyCount "56"]
[EventDate "2005.09.17"]

1. d4 d5 2. c4 c6 3. cxd5 cxd5 4. Nc3 Nf6 5. Nf3 Nc6 6. e3 Bg4 7. Be2 e6 8. O-O
Bd6 9. a3 O-O 10. b4 Re8 11. h3 Bh5 12. Bb2 Rc8 13. Rc1 Bb8 14. Re1 Qd6 15. Nb5
Qe7 16. Ne5 Bxe2 17. Nxc6 bxc6 18. Qxe2 cxb5 19. Qxb5 Qd7 20. Qd3 Rxc1 21. Rxc1
Rc8 22. b5 Rxc1+ 23. Bxc1 Qc7 24. Bd2 Ne4 25. f4 Qc4 26. Qxc4 dxc4 27. Bb4 c3
28. a4 Bd6 0-1

[Event "16.Open Seefeld"]
[Site "Oesterreich / Seefeld"]
[Date "2005.09.21"]
[Round "5"]
[White "Kreie, Guenter"]
[Black "Kircher, Werner"]
[Result "1/2-1/2"]
[WhiteElo "1968"]
[BlackElo "2092"]
[PlyCount "66"]
[EventDate "2005.09.17"]

1. e4 e6 2. d4 d5 3. Nd2 c5 4. exd5 exd5 5. Ngf3 Nc6 6. Bb5 Bd6 7. O-O Nge7 8.
dxc5 Bxc5 9. Nb3 Bd6 10. c3 O-O 11. Nbd4 Bg4 12. Qd3 Rc8 13. Ng5 Ng6 14. Bxc6
bxc6 15. f4 h6 16. Nh3 Qh4 17. Nf2 Bd7 18. g3 Qf6 19. Bd2 Rfe8 20. Rae1 c5 21.
Nf3 Bc6 22. Ng4 Qd8 23. Nfe5 Bxe5 24. Nxe5 Nxe5 25. Rxe5 Qd7 26. Rfe1 f6 27.
Rxe8+ Rxe8 28. Rxe8+ Qxe8 29. Qe3 Qd7 30. Qxc5 d4 31. cxd4 Qe6 32. d5 Bxd5 33.
Qd4 Bxa2 1/2-1/2

[Event "16.Open Seefeld"]
[Site "Oesterreich / Seefeld"]
[Date "2005.09.21"]
[Round "5"]
[White "Solaroli, Riccardo"]
[Black "Verhoef, Helge"]
[Result "0-1"]
[WhiteElo "1975"]
[BlackElo "2086"]
[PlyCount "50"]
[EventDate "2005.09.17"]

1. e4 Nf6 2. e5 Nd5 3. d4 d6 4. Bc4 c6 5. Qe2 dxe5 6. dxe5 Bf5 7. Nf3 e6 8. O-O
Nd7 9. Rd1 Qc7 10. Bb3 Bg4 11. Nbd2 Nxe5 12. c4 Bxf3 13. Nxf3 Nxf3+ 14. Qxf3
Nf6 15. Bf4 Qa5 16. Rd3 Be7 17. Rad1 O-O 18. a3 Rad8 19. Rxd8 Rxd8 20. Rxd8+
Bxd8 21. Qe2 Bc7 22. Bd2 Qe5 23. Qxe5 Bxe5 24. Bc1 Bd4 25. Kf1 Ne4 0-1

[Event "16.Open Seefeld"]
[Site "Oesterreich / Seefeld"]
[Date "2005.09.21"]
[Round "5"]
[White "Brett, Digby"]
[Black "Hofer, Franz"]
[Result "1-0"]
[WhiteElo "1869"]
[BlackElo "2079"]
[PlyCount "75"]
[EventDate "2005.09.17"]

1. e4 e6 2. d4 b6 3. Bd3 Bb7 4. Nf3 c5 5. O-O d6 6. Nc3 Nd7 7. Qe2 a6 8. a4 Ne7
9. Bg5 Qc7 10. Rfc1 Ng6 11. Be3 Be7 12. d5 e5 13. Nd2 O-O 14. Rf1 Qd8 15. g3
Bg5 16. Nf3 Bxe3 17. Qxe3 Qe7 18. h4 f6 19. h5 Nh8 20. Nh4 g6 21. hxg6 hxg6 22.
Kg2 Rf7 23. Rh1 Rh7 24. Rh3 Rf8 25. Rah1 Rff7 26. Qe2 Nb8 27. Nd1 Bc8 28. R3h2
Rfg7 29. Ne3 Nf7 30. Kf1 Nh8 31. b3 Rh5 32. Nhf5 gxf5 33. Rxh5 Nf7 34. Qf3 fxe4
35. Bxe4 a5 36. Bf5 Ba6+ 37. Ke1 Bb7 38. Be6 1-0

[Event "16.Open Seefeld"]
[Site "Oesterreich / Seefeld"]
[Date "2005.09.21"]
[Round "5"]
[White "Born, Bernd-Ludger"]
[Black "Duric, Rajko"]
[Result "1-0"]
[WhiteElo "2036"]
[BlackElo "1867"]
[PlyCount "87"]
[EventDate "2005.09.17"]

1. d4 d6 2. g3 Nf6 3. Bg2 e6 4. e4 Be7 5. Ne2 e5 6. c3 O-O 7. O-O Nbd7 8. f4 c6
9. Kh1 Qb6 10. Nd2 Rd8 11. Qc2 Qa6 12. Nf3 exd4 13. cxd4 c5 14. Nc3 cxd4 15.
Nxd4 Qc4 16. Nf5 Bf8 17. Rd1 Qc7 18. Ne3 Nb6 19. Qe2 Bd7 20. Qd3 Ng4 21. Nxg4
Bxg4 22. Re1 Be6 23. b3 Rac8 24. Bb2 a6 25. Rac1 Qb8 26. Qe3 Na8 27. Qd4 f6 28.
Nd5 Rxc1 29. Rxc1 Bxd5 30. Qxd5+ Kh8 31. Bh3 Nb6 32. Qf7 Re8 33. Rc7 Qd8 34.
Bd4 Na8 35. Rc8 Qxc8 36. Bxc8 Rxc8 37. Qxb7 Rc1+ 38. Kg2 Nc7 39. Qc8 Kg8 40.
Bb6 Rc2+ 41. Kh3 Nd5 42. Qe6+ Kh8 43. Qxd5 Rxa2 44. Qf7 1-0

[Event "16.Open Seefeld"]
[Site "Oesterreich / Seefeld"]
[Date "2005.09.21"]
[Round "5"]
[White "Becker, Joerg"]
[Black "Kuehlmeyer, Klaus"]
[Result "1/2-1/2"]
[WhiteElo "1798"]
[BlackElo "2027"]
[PlyCount "55"]
[EventDate "2005.09.17"]

1. d4 Nf6 2. c4 e5 3. dxe5 Ng4 4. Bf4 Nc6 5. Nf3 Bb4+ 6. Nbd2 f6 7. e6 dxe6 8.
a3 Bd6 9. Bxd6 cxd6 10. e3 O-O 11. Bd3 f5 12. h3 Nge5 13. Nxe5 dxe5 14. Be2 e4
15. O-O Qf6 16. b4 Rd8 17. Qc2 Ne5 18. Rfd1 b6 19. Nb3 Bb7 20. Rxd8+ Rxd8 21.
Rd1 Qg5 22. Rxd8+ Qxd8 23. Qc3 Qf6 24. Qd4 Nd3 25. Qd7 Qf7 26. Qd8+ Qf8 27. Qd7
Qf7 28. Qd8+ 1/2-1/2

[Event "16.Open Seefeld"]
[Site "Oesterreich / Seefeld"]
[Date "2005.09.21"]
[Round "5"]
[White "Werner, Bernd"]
[Black "Platzgummer, Peter"]
[Result "1-0"]
[WhiteElo "2012"]
[BlackElo "1911"]
[PlyCount "35"]
[EventDate "2005.09.17"]

1. e4 c5 2. Nf3 Nc6 3. d4 cxd4 4. c3 dxc3 5. Nxc3 e6 6. Bc4 a6 7. O-O Bc5 8.
Qe2 Nge7 9. Rd1 b5 10. Bb3 Bb7 11. Bg5 Qb6 12. Rac1 Rd8 13. Nd5 Qa7 14. Rxc5
Qxc5 15. Be3 Nd4 16. Bxd4 Qc8 17. Bxg7 Rg8 18. Nf6# 1-0

[Event "16.Open Seefeld"]
[Site "Oesterreich / Seefeld"]
[Date "2005.09.21"]
[Round "5"]
[White "Schett, Franz"]
[Black "Creutzburg, Frank"]
[Result "1-0"]
[WhiteElo "1997"]
[BlackElo "1574"]
[PlyCount "113"]
[EventDate "2005.09.17"]

1. e4 c5 2. Nc3 Nc6 3. Nf3 e6 4. d4 cxd4 5. Nxd4 Bb4 6. Ndb5 a6 7. Nd6+ Bxd6 8.
Qxd6 Nge7 9. Be2 O-O 10. O-O Re8 11. Be3 Ng6 12. f4 Qe7 13. Qd2 b5 14. Bb6 Bb7
15. Bc7 d5 16. Bb6 d4 17. Nd1 e5 18. f5 Nf4 19. Bf3 Rab8 20. a4 Qg5 21. Kh1 Qf6
22. a5 Re7 23. Nf2 Qd6 24. g3 Qb4 25. Qxb4 Nxb4 26. gxf4 Nxc2 27. Rac1 Ne3 28.
Rg1 Nxf5 29. fxe5 Nh4 30. Rg3 Nxf3 31. Rxf3 Rxe5 32. Bxd4 Rxe4 33. Nxe4 Bxe4
34. Kg2 f5 35. Kf2 Bxf3 36. Kxf3 Rd8 37. Be5 Rd5 38. Kf4 g6 39. Rc8+ Kf7 40.
Rc7+ Ke6 41. Rc6+ Kf7 42. Rxa6 Rd2 43. Kg5 Rg2+ 44. Kf4 Rxh2 45. Ra7+ Ke6 46.
Ra6+ Kd5 47. Rd6+ Kc5 48. a6 Rh4+ 49. Kf3 Ra4 50. Rf6 b4 51. Bb8 b3 52. a7 Kd4
53. Rd6+ Kc5 54. Rd3 Kc4 55. Rc3+ Kd5 56. Rxb3 g5 57. Ra3 1-0

[Event "16.Open Seefeld"]
[Site "Oesterreich / Seefeld"]
[Date "2005.09.21"]
[Round "5"]
[White "Pieper, Harald"]
[Black "Klein, Reinhard"]
[Result "1/2-1/2"]
[WhiteElo "2094"]
[BlackElo "1911"]
[PlyCount "37"]
[EventDate "2005.09.17"]

1. d4 Nf6 2. Nf3 b6 3. g3 e6 4. Bg2 Bb7 5. O-O c5 6. c3 d5 7. Bg5 Nbd7 8. Nbd2
h6 9. Bxf6 Nxf6 10. Qa4+ Qd7 11. Qxd7+ Nxd7 12. Rfe1 g5 13. e4 O-O-O 14. exd5
Bxd5 15. dxc5 Bxc5 16. Nb3 Bf8 17. Rad1 Bg7 18. Nfd2 Bxg2 19. Kxg2 1/2-1/2

[Event "16.Open Seefeld"]
[Site "Oesterreich / Seefeld"]
[Date "2005.09.21"]
[Round "5"]
[White "Fischer, Gerd"]
[Black "Gestrich, Wolfgang"]
[Result "1/2-1/2"]
[WhiteElo "2039"]
[BlackElo "1767"]
[PlyCount "47"]
[EventDate "2005.09.17"]

1. Nf3 Nf6 2. b3 d6 3. Bb2 e5 4. g3 Nc6 5. Bg2 Bd7 6. c4 Qc8 7. h3 g6 8. d4
exd4 9. Nxd4 Nxd4 10. Qxd4 Bg7 11. Nc3 Bc6 12. Nd5 Bxd5 13. cxd5 O-O 14. O-O
Ne8 15. Qd2 Bxb2 16. Qxb2 Qf5 17. Rac1 Qe5 18. Rc2 Qxb2 19. Rxb2 b6 20. Rc1 f5
21. e3 a5 22. Rbc2 Rf7 23. Bf3 Ra7 24. Kg2 1/2-1/2

[Event "16.Open Seefeld"]
[Site "Oesterreich / Seefeld"]
[Date "2005.09.21"]
[Round "5"]
[White "Flueckiger, Juergen"]
[Black "Perkmann, Gottfried"]
[Result "1/2-1/2"]
[WhiteElo "2034"]
[BlackElo "1690"]
[PlyCount "41"]
[EventDate "2005.09.17"]

1. Nf3 Nf6 2. c4 c6 3. d4 d5 4. g3 dxc4 5. Qc2 e6 6. Bg2 Be7 7. O-O O-O 8. Qxc4
Nbd7 9. Nbd2 c5 10. Qc2 Nd5 11. a3 cxd4 12. Nxd4 N7f6 13. N2b3 Bd7 14. e4 Rc8
15. Qe2 Nb6 16. Bf4 Nc4 17. Rfc1 b5 18. e5 Nd5 19. Bd2 Qb6 20. Bc3 Rfe8 21. Nf3
1/2-1/2

[Event "16.Open Seefeld"]
[Site "Oesterreich / Seefeld"]
[Date "2005.09.21"]
[Round "5"]
[White "Borries, Barbara"]
[Black "Schuetz, Robert"]
[Result "0-1"]
[WhiteElo "1975"]
[BlackElo "1640"]
[PlyCount "74"]
[EventDate "2005.09.17"]

1. e4 e6 2. d4 d5 3. exd5 exd5 4. Bd3 c5 5. dxc5 Bxc5 6. Nf3 Nc6 7. O-O Nge7 8.
Re1 Bg4 9. Nbd2 Qb6 10. Rf1 h6 11. h3 Bh5 12. c3 O-O 13. Qc2 Bg6 14. Nb3 Bxd3
15. Qxd3 Bd6 16. Be3 Qc7 17. Rfe1 Rad8 18. Rad1 Rfe8 19. Nbd4 a6 20. Kf1 Ne5
21. Nxe5 Bxe5 22. Re2 Ng6 23. Red2 Bf6 24. Nb3 Qh2 25. Qf5 Bg5 26. g3 Bxe3 27.
fxe3 Qxg3 28. Rf2 Qc7 29. Re1 Re5 30. Qf3 Rde8 31. Nd2 Qe7 32. a3 Kh7 33. Qd1
Rxe3 34. Rxe3 Qxe3 35. Rf3 Qe6 36. Qc2 Qe1+ 37. Kg2 Re2+ 0-1

[Event "16.Open Seefeld"]
[Site "Oesterreich / Seefeld"]
[Date "2005.09.21"]
[Round "5"]
[White "Auschkalnis, Reinhard"]
[Black "Bungter, Hans"]
[Result "1-0"]
[WhiteElo "1924"]
[BlackElo "1628"]
[PlyCount "55"]
[EventDate "2005.09.17"]

1. e4 c5 2. Nf3 d6 3. g3 Nf6 4. d3 Nc6 5. Bg2 g6 6. O-O Bg7 7. Re1 O-O 8. Nbd2
Bg4 9. c3 Qc7 10. Qc2 Rfd8 11. a3 b5 12. b4 a6 13. Bb2 Rac8 14. Rac1 Qa7 15.
Qb1 Nd7 16. Qa1 Nb6 17. bxc5 dxc5 18. c4 Bxb2 19. Qxb2 Na4 20. Qa1 Qd7 21. cxb5
axb5 22. Qb1 Rb8 23. Qc2 Rdc8 24. Qb3 Be6 25. Qb1 f6 26. e5 Bf5 27. Bf1 b4 28.
Qb3+ 1-0

[Event "16.Open Seefeld"]
[Site "Oesterreich / Seefeld"]
[Date "2005.09.21"]
[Round "5"]
[White "Thonig, Manfred"]
[Black "Andreini, Gigliola"]
[Result "1/2-1/2"]
[WhiteElo "1913"]
[BlackElo "1600"]
[PlyCount "118"]
[EventDate "2005.09.17"]

1. f4 d5 2. Nf3 Nf6 3. e3 Bg4 4. b3 Nbd7 5. Bb2 e6 6. Be2 Be7 7. Ne5 Bxe2 8.
Qxe2 O-O 9. O-O c5 10. d3 Qc7 11. Nd2 b5 12. Ndf3 h6 13. Qf2 c4 14. Nxd7 Nxd7
15. dxc4 bxc4 16. Nd4 a6 17. Ne2 Nf6 18. Be5 Qc8 19. Qh4 Re8 20. Qg3 Kh7 21.
Nd4 Rg8 22. f5 Ne4 23. Qg4 exf5 24. Rxf5 c3 25. Qh5 f6 26. Bf4 Bf8 27. Qf7 Qe8
28. Qxe8 Rxe8 29. Rxd5 Bc5 30. Nf5 Kg6 31. g4 h5 32. gxh5+ Kf7 33. Rad1 Ke6 34.
Ng3 Nxg3 35. hxg3 Bb4 36. e4 Rh8 37. g4 g6 38. R1d4 a5 39. Rc4 gxh5 40. Rc6+
Kf7 41. Rc7+ Kg6 42. gxh5+ Rxh5 43. Rxh5 Kxh5 44. Rc4 Kg4 45. e5 fxe5 46. Bxe5+
Kf3 47. Bxc3 Re2 48. Bxb4 axb4 49. Rc8 Rd2 50. Kh1 Kg3 51. Rg8+ Kf3 52. Rf8+
Kg3 53. Rg8+ Kf3 54. Rg1 Rxc2 55. Ra1 Rb2 56. a4 bxa3 57. Rxa3 Ke4 58. Ra4+ Kd5
59. b4 Kc4 1/2-1/2

[Event "16.Open Seefeld"]
[Site "Oesterreich / Seefeld"]
[Date "2005.09.21"]
[Round "5"]
[White "Loew, Bernd"]
[Black "Titz, Waldemar"]
[Result "0-1"]
[WhiteElo "1548"]
[BlackElo "1541"]
[PlyCount "82"]
[EventDate "2005.09.17"]

1. e4 d6 2. Nf3 Nf6 3. Nc3 g6 4. Bc4 Bg7 5. O-O O-O 6. d4 c6 7. Bb3 b5 8. a3 a6
9. Bg5 Bb7 10. Qe2 Qc7 11. Rad1 Nbd7 12. h3 e5 13. Qd2 Rad8 14. Nh2 a5 15. Ng4
b4 16. axb4 axb4 17. Bxf6 Nxf6 18. Nxf6+ Bxf6 19. Ne2 c5 20. d5 Ba6 21. Ba4 Qe7
22. Rfe1 Bg5 23. f4 exf4 24. Nxf4 Qe5 25. g3 Bc8 26. Kg2 Qxb2 27. Qf2 Qe5 28.
Nd3 Qf6 29. Qe2 Ba6 30. Rf1 Qc3 31. Rf3 Bxd3 32. Rfxd3 Qe5 33. Rf3 f5 34. Rdf1
fxe4 35. Rxf8+ Rxf8 36. Rxf8+ Kxf8 37. Qg4 e3 38. Qc8+ Kg7 39. Qd7+ Be7 40. Qe6
e2 41. Be8 Qxe6 0-1

[Event "16.Open Seefeld"]
[Site "Oesterreich / Seefeld"]
[Date "2005.09.21"]
[Round "5"]
[White "Disselberger, Alfons"]
[Black "Tessmer, Hans-Peter"]
[Result "1/2-1/2"]
[WhiteElo "1290"]
[BlackElo "1304"]
[PlyCount "47"]
[EventDate "2005.09.17"]

1. e4 e6 2. d4 d5 3. Nc3 Nf6 4. e5 Nfd7 5. Nf3 Be7 6. g3 O-O 7. h4 c5 8. Ne2
Nc6 9. c3 cxd4 10. cxd4 f6 11. Bg2 fxe5 12. dxe5 Ndxe5 13. Nxe5 Nxe5 14. O-O
Nf3+ 15. Bxf3 Rxf3 16. Nd4 Rf8 17. b3 e5 18. Nb5 a6 19. Na3 Be6 20. Bb2 Bd6 21.
Re1 e4 22. Qd4 Qd7 23. Nc2 Qf7 24. Qd2 1/2-1/2

[Event "16.Open Seefeld"]
[Site "Oesterreich / Seefeld"]
[Date "2005.09.21"]
[Round "5"]
[White "Pitts, Eamonn"]
[Black "Dalla Santa, Odile"]
[Result "1-0"]
[WhiteElo "1355"]
[BlackElo "1120"]
[PlyCount "41"]
[EventDate "2005.09.17"]

1. e4 c5 2. Nf3 d6 3. d4 cxd4 4. Nxd4 e5 5. Nb3 Nf6 6. Nc3 Be7 7. Be2 Nc6 8.
Be3 Bd7 9. g4 h6 10. g5 hxg5 11. Bxg5 Ng8 12. Bxe7 Ngxe7 13. Qxd6 f6 14. O-O-O
Nb8 15. Nb5 a6 16. Nc7+ Qxc7 17. Qxc7 O-O 18. Rxd7 Nxd7 19. Qxd7 Nc6 20. Rg1
Rad8 21. Qxg7# 1-0

[Event "16.Open Seefeld"]
[Site "Oesterreich / Seefeld"]
[Date "2005.09.22"]
[Round "6"]
[White "Heinig, Wolfram"]
[Black "Rotstein, Arkadij"]
[Result "1/2-1/2"]
[WhiteElo "2319"]
[BlackElo "2520"]
[PlyCount "87"]
[EventDate "2005.09.17"]

1. d4 Nf6 2. c4 e6 3. g3 c5 4. Nf3 cxd4 5. Nxd4 a6 6. Bg2 Qc7 7. b3 Be7 8. O-O
O-O 9. Bb2 Nc6 10. Nc3 d6 11. Rc1 Nxd4 12. Qxd4 Bd7 13. Rfd1 Rfd8 14. Ne4 Bc6
15. Qe3 Nxe4 16. Bxe4 Rac8 17. h4 h6 18. Bb1 h5 19. Rd2 b6 20. Qd3 g6 21. Qc3
e5 22. Qe3 Qb7 23. Rcd1 Kh7 24. Ba3 Qc7 25. Rd3 b5 26. cxb5 axb5 27. Rc3 Qb7
28. Bb2 b4 29. Rc4 Bd5 30. Rxc8 Rxc8 31. Rc1 Bd8 32. Rxc8 Qxc8 33. Be4 Be6 34.
Qf3 Kg7 35. a3 bxa3 36. Bxa3 Qa6 37. Bb4 Be7 38. Bd5 Bxd5 39. Qxd5 Qxe2 40.
Bxd6 Bxd6 41. Qxd6 Qe1+ 42. Kg2 Qe4+ 43. Kg1 Qb1+ 44. Kg2 1/2-1/2

[Event "16.Open Seefeld"]
[Site "Oesterreich / Seefeld"]
[Date "2005.09.22"]
[Round "6"]
[White "Levin, Felix"]
[Black "Antic, Dejan"]
[Result "1/2-1/2"]
[WhiteElo "2498"]
[BlackElo "2512"]
[PlyCount "53"]
[EventDate "2005.09.17"]

1. d4 Nf6 2. c4 g6 3. Nc3 Bg7 4. e4 d6 5. Nf3 O-O 6. Be3 Na6 7. Be2 e5 8. O-O
Ng4 9. Bg5 Qe8 10. c5 h6 11. Bh4 dxc5 12. Bxa6 bxa6 13. Nd5 g5 14. Bg3 Rb8 15.
dxe5 Rxb2 16. Nxc7 Qc6 17. Nd5 Re8 18. Qc1 Rb6 19. Qc3 f6 20. Rac1 Nxe5 21.
Nxe5 fxe5 22. Qxc5 Qxc5 23. Rxc5 Rb8 24. Rc7 Be6 25. Rxa7 Bxd5 26. exd5 Rb5 27.
Rd1 {Rest der Notationen unbrauchbar !} 1/2-1/2

[Event "16.Open Seefeld"]
[Site "Oesterreich / Seefeld"]
[Date "2005.09.22"]
[Round "6"]
[White "van der Weide, Karel"]
[Black "Wiesinger, Robert"]
[Result "1-0"]
[WhiteElo "2482"]
[BlackElo "2235"]
[PlyCount "56"]
[EventDate "2005.09.17"]

1. e4 e5 2. Nf3 Nc6 3. d4 exd4 4. Nxd4 Nf6 5. Nxc6 bxc6 6. e5 Qe7 7. Qe2 Nd5 8.
c4 Ba6 9. b3 O-O-O 10. Bb2 f6 11. g3 fxe5 12. Bg2 Re8 13. O-O Nf6 14. Nd2 Bb7
15. Rfe1 Qf7 16. Qe3 Kb8 17. Rad1 h5 18. h3 d6 19. c5 h4 20. Nc4 Nd5 21. Qe4
Rh6 22. Na5 hxg3 23. fxg3 dxc5 24. Qc4 e4 25. Rxe4 Rxe4 26. Bxe4 Rxh3 27. Be5
Qe8 28. Rf1 Bd6 {Rest der Notationen unbrauchbar !} 1-0

[Event "16.Open Seefeld"]
[Site "Oesterreich / Seefeld"]
[Date "2005.09.22"]
[Round "6"]
[White "Dittmar, Peter"]
[Black "Bronznik, Valeri"]
[Result "1/2-1/2"]
[WhiteElo "2326"]
[BlackElo "2390"]
[PlyCount "28"]
[EventDate "2005.09.17"]

1. d4 f5 2. Nf3 Nf6 3. Bf4 g6 4. e3 Bg7 5. Bc4 e6 6. Nc3 d6 7. h3 O-O 8. Qe2 c6
9. a4 Qe7 10. O-O Kh8 11. a5 Nbd7 12. Bb3 e5 13. dxe5 dxe5 14. Bh2 e4 1/2-1/2